| Tag |
First Indicator |
Second Indicator |
Subfields |
| LEADER |
00000nam a2200000Ia 4500 |
| 001 |
in00004295921 |
| 005 |
20200810081700.0 |
| 006 |
m g d |
| 007 |
cr bn |||a|bb| |
| 008 |
860114s1661 enk o 00| | eng d |
| 035 |
|
|
|a (OCoLC)13021047
|
| 040 |
|
|
|a EAA
|c EAA
|d m/c
|d WaOLN
|
| 037 |
|
|
|a CL0037000011
|b ProQuest Information and Learning. 300 N. Zeeb Rd., Ann Arbor, MI 48106
|
| 043 |
|
|
|a e-uk-en
|
| 049 |
|
|
|a UMIA
|
| 100 |
1 |
|
|a Paradise, John.
|
| 245 |
1 |
0 |
|a Hadadrimmon, sive, Threnodia anglicana ob regicidium :
|b a sermon on Davids humiliation for cutting off the royal robe, and detestation of cutting off the royal head of the Lords anointed : preached Jan. 30, 1660, being a solemn fast for the horrid murther of King Charles I of glorious memory, at Westbury, in the county of Wilts. /
|c by John Paradise ...
|
| 260 |
|
|
|a London :
|b Printed by J.H. for Nathanael Webb ...,
|c 1661.
|
| 300 |
|
|
|a 1 online resource ([6], 52 pages)
|
| 336 |
|
|
|a text
|b txt
|2 rdacontent
|
| 337 |
|
|
|a computer
|b c
|2 rdamedia
|
| 338 |
|
|
|a online resource
|b cr
|2 rdacarrier
|
| 500 |
|
|
|a Errata: pages [6].
|
| 500 |
|
|
|a Reproduction of original in Union Theological Seminary Library, New York.
|
| 510 |
4 |
|
|a Wing
|c P327
|
| 510 |
4 |
|
|a McAlpin Coll.
|c III 436
|
| 500 |
|
|
|a Marginal notes.
|
| 533 |
|
|
|a Electronic reproduction.
|b Ann Arbor, Mich. :
|c UMI,
|d 1999-
|f (Early English books online)
|n Digital version of: (Early English books, 1641-1700 ; 394:22)
|7 s1999 miun s
|
| 600 |
0 |
0 |
|a Charles
|b I,
|c King of England,
|d 1600-1649.
|
| 650 |
|
0 |
|a Memorial service.
|
| 650 |
|
0 |
|a Sermons, English
|y 17th century.
|
| 740 |
0 |
|
|a Hadadrimmon.
|
| 740 |
0 |
|
|a Threnodia Anglicana ob regicidium.
|
| 830 |
|
0 |
|a Early English books online.
|
| 856 |
4 |
0 |
|u http://proxy.library.tamu.edu/login?url=https://search.proquest.com/docview/2248536689
|z Connect to the full text of this electronic book
|t 0
|
| 999 |
f |
f |
|s 1081a8d1-b72c-3a28-be86-d244353c01a1
|i 05f0294d-106b-376a-9cbe-95c57774290b
|t 0
|
| 952 |
f |
f |
|a Texas A&M University
|b College Station
|c Electronic Resources
|d Available Online
|t 0
|h No information provided
|
| 998 |
f |
f |
|t 0
|l Available Online
|